| 000 | 00922cam a2200241 a 4500 | ||
|---|---|---|---|
| 999 |
_c6392 _d6392 |
||
| 003 | OSt | ||
| 005 | 20191218120554.0 | ||
| 008 | 120517s2011 ck ad r 000 0 spa d | ||
| 020 | _a9789587590173 | ||
| 040 |
_aCO-JMCR _cCO-Bo |
||
| 041 | 0 | _aspa | |
| 082 | 0 | 4 |
_a640.9861 _bS487e _221 |
| 100 | 1 |
_aSerrano Moya, Edgard David _eautor _99 |
|
| 245 | 1 | 3 |
_aLa economía de la familia _bmodelos, comportamiento y asignación de recursos al interior de la familia : un análisis para Colombia _cEdgar David Serrano Moya |
| 250 | _aPrimera edición | ||
| 260 |
_aManizales _bEditorial Universidad de Caldas _c2011 |
||
| 300 |
_a134 páginas _bilustraciones, cuadros y gráficas a blanco y negro _c24 cm. |
||
| 504 | _aBibliográfia: página 129-134 | ||
| 650 | 1 | 4 |
_aEconomía doméstica _zColombia _910 |
| 650 | 2 | 4 |
_aCosto y nivel de vida _zColombia _911 |
| 650 | 2 | 4 |
_aFamilia _xCondiciones económicas _zColombia _912 |
| 942 |
_2ddc _cBK |
||